| 000 | 00623nam a2200205 i 4500 | ||
|---|---|---|---|
| 001 | 75584 | ||
| 003 | ES-MaACL | ||
| 005 | 20250816070622.0 | ||
| 007 | t| | ||
| 008 | 040927s1969 sp ||||1| spa d | ||
| 100 | 1 |
_aGroult, Benoîte. _960206 |
|
| 245 | 1 | 0 |
_aErase dos veces... / _cpor Benoîte et Flora Groult ; [traducción de Guillermo Lledó]. |
| 250 | _a[1ª ed.]. | ||
| 260 |
_aBarcelona, etc. : _bPlaza & Janés, _c[1969] |
||
| 300 |
_a344 p. ; _c20 cm. |
||
| 700 | 1 |
_aLledó, Guillermo _972743 |
|
| 700 | 1 |
_aGroult, Flora. _960207 |
|
| 852 |
_aES-MaACL _jC-39686 _bR.70647 |
||
| 999 |
_c75584 _d75584 |
||